Sports Quiz

Random Sports or World Cup Quiz
Score 0/24 Timer 05:00
0 Plays Today
Position Player % Correct
GoalkeeperJoe Hart
96.1%
ForwardWayne Rooney
94.6%
MidfielderSteven Gerrard
86.8%
ForwardDaniel Sturridge
85.6%
MidfielderFrank Lampard
83.7%
DefenderGary Cahill
83.7%
DefenderPhil Jones
80.9%
DefenderLeighton Baines
79.4%
DefenderChris Smalling
78.4%
ManagerRoy Hodgson
77.5%
MidfielderJordan Henderson
76.9%
MidfielderRaheem Sterling
76.7%
Position Player % Correct
DefenderPhil Jagielka
76.6%
GoalkeeperBen Foster
74.7%
MidfielderAdam Lallana
74.1%
ForwardDanny Welbeck
73.1%
GoalkeeperFraser Forster
72.9%
MidfielderJames Milner
72.4%
MidfielderJack Wilshere
71.8%
DefenderGlen Johnson
68.6%
MidfielderAlex Oxlade-Chamberlain
64.3%
DefenderLuke Shaw
64.1%
MidfielderRoss Barkley
63.2%
ForwardRickie Lambert
54.3%
Remove Ads.
Support Sporcle.
Get the best of Sporcle when you Go Orange. This ad-free experience offers more features, more stats, and more fun while also helping to support Sporcle. Thank you for becoming a member.

You're not logged in!

Compare scores with friends on all Sporcle quizzes.
OR
Log In

Show Comments

Extras

Top Quizzes Today


Score Distribution

Your Account Isn't Verified!

In order to create a playlist on Sporcle, you need to verify the email address you used during registration. Go to your Sporcle Settings to finish the process.

Report this User

Report this user for behavior that violates our Community Guidelines.

Details: